Les grands arrets de la jurisprudence civile
Guardat en:
| Autor principal: | |
|---|---|
| Format: | Llibre |
| Idioma: | francès |
| Publicat: |
París
Dalloz-Sirey
1964
|
| Edició: | 4a. ed |
| Matèries: | |
| Etiquetes: |
Afegir etiqueta
Sense etiquetes, Sigues el primer a etiquetar aquest registre!
|
MARC
| LEADER | 00000nam a2200000 a 4500 | ||
|---|---|---|---|
| 001 | UCS1367 | ||
| 003 | CL-VaPUC | ||
| 008 | 970509e19640000FR |||||||||||||||||fre|d | ||
| 082 | 0 | 4 | |a 346.44 |b CAP |2 21 |
| 100 | 0 | |a Capitant, Henri |e author |9 385756 | |
| 245 | 1 | 4 | |a Les grands arrets de la jurisprudence civile |
| 250 | |a 4a. ed | ||
| 300 | |a 809 p | ||
| 942 | |c BK | ||
| 945 | |d 19970509 00:00:00 |a paguirre | ||
| 260 | |a París |b Dalloz-Sirey |c 1964 | ||
| 650 | 0 | |a Derecho civil |9 255013 | |
| 650 | 0 | |a Actos jurídicos |9 255748 | |
| 650 | 0 | |a Personalidad jurídica |9 315329 | |
| 650 | 0 | |a Personas |9 255751 | |
| 650 | 0 | |a Derecho de familia |9 255603 | |
| 650 | 0 | |a Familias |9 255641 | |
| 650 | 7 | |a MATRIMONIO |2 CL-VaPUC |9 385757 | |
| 650 | 0 | |a Filiación |9 256647 | |
| 650 | 0 | |a Propiedad |9 255268 | |
| 650 | 0 | |a Usufructo |9 256763 | |
| 650 | 7 | |a SERVIDUMBRES |2 CL-VaPUC |9 256762 | |
| 650 | 0 | |a Bienes |9 255749 | |
| 650 | 0 | |a Obligaciones |9 255578 | |
| 650 | 0 | |a Contratos |9 255153 | |
| 650 | 0 | |a Derecho sucesorio |9 255015 | |
| 650 | 0 | |a Regímenes matrimoniales |9 357525 | |
| 651 | 0 | |a Francia |9 255157 | |
| 583 | |a last modification |c 19970509 00:00:00 |k Rodrigo Vera | ||
| 999 | |c 259462 |d 259460 | ||
| 952 | |0 0 |1 0 |4 0 |6 346_440000000000000_CAP_1964 |7 0 |8 P |9 284196 |a BIBDER |b BIBDER |d 2019-11-19 |i 1845675 |o 346.44 CAP 1964 |p 1845675 |r 2023-01-25 |w 2019-11-19 |y BK |k DER | ||